<?xml version="1.0" encoding="UTF-8"?>
<record
    xmlns:xsi="http://www.w3.org/2001/XMLSchema-instance"
    xsi:schemaLocation="http://www.loc.gov/MARC21/slim http://www.loc.gov/standards/marcxml/schema/MARC21slim.xsd"
    xmlns="http://www.loc.gov/MARC21/slim">

  <leader>04050nam a2200541Ia 4500</leader>
  <controlfield tag="001">dia_6415</controlfield>
  <controlfield tag="003">CHAP</controlfield>
  <controlfield tag="005">20241007133545.0</controlfield>
  <controlfield tag="007">ta</controlfield>
  <controlfield tag="008">220117s2011    mx ado frm    001 0 spa d</controlfield>
  <datafield tag="010" ind1=" " ind2=" ">
    <subfield code="a">177883</subfield>
  </datafield>
  <datafield tag="040" ind1=" " ind2=" ">
    <subfield code="c">CHAP</subfield>
    <subfield code="a">mxchpua</subfield>
    <subfield code="e">rda</subfield>
  </datafield>
  <datafield tag="041" ind1="0" ind2=" ">
    <subfield code="a">spa</subfield>
    <subfield code="b">eng</subfield>
  </datafield>
  <datafield tag="090" ind1=" " ind2=" ">
    <subfield code="a">Tesis </subfield>
    <subfield code="b">O24 </subfield>
    <subfield code="c">2011</subfield>
  </datafield>
  <datafield tag="100" ind1="1" ind2=" ">
    <subfield code="a">Ochoa Rosas, Mar&#xED;a de Jes&#xFA;s</subfield>
  </datafield>
  <datafield tag="240" ind1="1" ind2="0">
    <subfield code="a">Postharvest management of anthracnose in &#x201C;ataulfo&#x201D; mango fruits by combining hydrothermal treatment and Pichia guilliermondii.</subfield>
    <subfield code="l">Espa&#xF1;ol</subfield>
  </datafield>
  <datafield tag="245" ind1="1" ind2="0">
    <subfield code="a">Manejo postcosecha de la antracnosis en frutos de mango Ataulfo mediante la combinaci&#xF3;n de tratamiento hidrot&#xE9;rmico y Pichia guilliermondii /</subfield>
    <subfield code="c">Mar&#xED;a de Jes&#xFA;s Ochoa Rosas</subfield>
  </datafield>
  <datafield tag="264" ind1=" " ind2=" ">
    <subfield code="a">Chapingo, M&#xE9;xico :</subfield>
    <subfield code="b">El autor,</subfield>
    <subfield code="c">2011</subfield>
  </datafield>
  <datafield tag="300" ind1=" " ind2=" ">
    <subfield code="a">xiv, 102 hojas :</subfield>
    <subfield code="b">ilustraciones, gr&#xE1;ficas, tablas, fotos +</subfield>
    <subfield code="e">1 CD-ROM</subfield>
  </datafield>
  <datafield tag="336" ind1=" " ind2=" ">
    <subfield code="2">rdacontent</subfield>
    <subfield code="a">texto</subfield>
    <subfield code="b">txt</subfield>
  </datafield>
  <datafield tag="337" ind1=" " ind2=" ">
    <subfield code="2">rdamedia</subfield>
    <subfield code="a">no mediado</subfield>
    <subfield code="b">n</subfield>
  </datafield>
  <datafield tag="338" ind1=" " ind2=" ">
    <subfield code="2">rdacarrier</subfield>
    <subfield code="a">volumen</subfield>
    <subfield code="b">nc</subfield>
  </datafield>
  <datafield tag="500" ind1=" " ind2=" ">
    <subfield code="a">El CD contiene reporte y art&#xED;culo</subfield>
  </datafield>
  <datafield tag="502" ind1=" " ind2=" ">
    <subfield code="a">Tesis </subfield>
    <subfield code="b">(Maestro en Ciencias en Ciencia y Tecnolog&#xED;a Agroalimentar&#xED;a) -- </subfield>
    <subfield code="c">UACh. Departamento de Ingenier&#xED;a Agroindustrial, </subfield>
    <subfield code="d">2011</subfield>
  </datafield>
  <datafield tag="504" ind1=" " ind2=" ">
    <subfield code="a">Bibliograf&#xED;a: hojas 87-102</subfield>
  </datafield>
  <datafield tag="520" ind1="3" ind2=" ">
    <subfield code="a">Se evalu&#xF3; la combinaci&#xF3;n del tratamiento hidrot&#xE9;rmico (TH:46.1 &#xB0;C / 70 min) y el antagonismo de Pichia guilliermondii (9, 42, 71, 89, MN, MNH, MZC, CDBB-932 y C-04568) para el control de antracnosis en mango "Ataulfo". Las cepas de P. guilliermondii se genotipificaron con PCR-ISSR (Polymerase Chain Reaction-Inter Simple Sequence Repeats). El efecto de la combinaci&#xF3;n del TH y P. guilliermondii se evalu&#xF3; en pruebas in vitro. Se analiz&#xF3; el &#xE1;rea de crecimiento de C. gloeosporioides, con el software Image J. Las pruebas in vivo se realizaron en frutos naturalmente y artificialmente infectados con C. gloeosporioides y se evalu&#xF3; el porcentaje de severidad. La cepa 42 tuvo menor similitud gen&#xE9;tica con el resto de las cepas. La combinaci&#xF3;n del TH y P. guilliermondii es una alternativa para el control de C. gloeosporioides en mango "Ataulfo" logr&#xE1;ndose eficacias de 96.8 % con el tratamiento TH+Pichia 42. --</subfield>
  </datafield>
  <datafield tag="520" ind1="3" ind2=" ">
    <subfield code="a">The combining of hydrothermal treatment (TH: 46.1 &#xB0;C / 70 min) and Pichia. guilliermondii antagonism; 9, 42, 71, 89, MN, MNH, MZC, CDBB-932 and C-04568 was assessed to manage the agent causing C. gloeosporioides anthracnose in "Ataulfo" mango. P. guilliermondii strains were genotypicaly compared with PCR-ISSR (Polymerase Chain Reaction-Inter Simple Sequence Repeats). The effect of combining hydrothermal treatment and P. guilliermondii was assessed by means of in vitro tests. Growth area of C. gloeosporioides was analyzed with Image J software. In vivo tests were performed in "Ataulfo" mango, artificially inoculated and naturally infected with C. gloeosporioide from wich the percentage of anthracnose severity was assessed. The strain 42 had a lower degree of genetic similarity than the rest of the strains assessed. Combining hydrothermal treatment (46.1 &#xB0;C / 70 min) and P. guilliermondii is an alternative for handling C. gloeosporioides in "Ataulfo" mango, obtaining 96.8 % of efficacy with treatment (TH+Pichia 42).</subfield>
  </datafield>
  <datafield tag="650" ind1="1" ind2="3">
    <subfield code="a">Antracnosis  </subfield>
    <subfield code="2">atg</subfield>
  </datafield>
  <datafield tag="650" ind1="1" ind2="3">
    <subfield code="a">Levaduras  </subfield>
    <subfield code="2">atg</subfield>
  </datafield>
  <datafield tag="650" ind1="1" ind2="3">
    <subfield code="a">Mangos  </subfield>
    <subfield code="2">atg</subfield>
  </datafield>
  <datafield tag="650" ind1="1" ind2="3">
    <subfield code="a">Tecnolog&#xED;a postcosecha  </subfield>
    <subfield code="2">atg</subfield>
  </datafield>
  <datafield tag="650" ind1="1" ind2="3">
    <subfield code="a">Tratamiento hidrot&#xE9;rmico  </subfield>
    <subfield code="2">atg</subfield>
  </datafield>
  <datafield tag="650" ind1="1" ind2="3">
    <subfield code="a">Meyerozyma guilliermondii  </subfield>
    <subfield code="2">atg</subfield>
  </datafield>
  <datafield tag="650" ind1="1" ind2="3">
    <subfield code="a">Anthracnose  </subfield>
    <subfield code="2">atg</subfield>
  </datafield>
  <datafield tag="650" ind1="1" ind2="3">
    <subfield code="a">Hot water treatment  </subfield>
    <subfield code="2">atg</subfield>
  </datafield>
  <datafield tag="650" ind1="1" ind2="3">
    <subfield code="a">Yeasts</subfield>
    <subfield code="2">atg</subfield>
  </datafield>
  <datafield tag="650" ind1="1" ind2="3">
    <subfield code="a">Mangoes  </subfield>
    <subfield code="2">atg</subfield>
  </datafield>
  <datafield tag="650" ind1="1" ind2="3">
    <subfield code="a">Postharvest technology  </subfield>
    <subfield code="2">atg</subfield>
  </datafield>
  <datafield tag="700" ind1="1" ind2=" ">
    <subfield code="a">Espinosa Solares, Teodoro</subfield>
    <subfield code="e">director</subfield>
  </datafield>
  <datafield tag="700" ind1="1" ind2=" ">
    <subfield code="a">Acosta Ramos, Marcelo</subfield>
    <subfield code="e">asesor</subfield>
  </datafield>
  <datafield tag="700" ind1="1" ind2=" ">
    <subfield code="a">Valadez Moctezuma, Ernestina</subfield>
    <subfield code="e">asesora</subfield>
  </datafield>
  <datafield tag="856" ind1="4" ind2="1">
    <subfield code="u">http://10.13.5.2/tesis/114446.pdf</subfield>
    <subfield code="y">DESCARGAR PDF</subfield>
  </datafield>
  <datafield tag="901" ind1=" " ind2=" ">
    <subfield code="a">TESIS O24 2011</subfield>
  </datafield>
  <datafield tag="902" ind1=" " ind2=" ">
    <subfield code="a">M</subfield>
  </datafield>
  <datafield tag="905" ind1=" " ind2=" ">
    <subfield code="a">5232272011                          mx nmdl8223123322spa16</subfield>
  </datafield>
  <datafield tag="942" ind1=" " ind2=" ">
    <subfield code="c">TESIS</subfield>
    <subfield code="2">Clasificaci&#xF3;n Universidad Aut&#xF3;noma Chapingo</subfield>
  </datafield>
  <datafield tag="999" ind1=" " ind2=" ">
    <subfield code="c">177883</subfield>
    <subfield code="d">177883</subfield>
  </datafield>
  <datafield tag="952" ind1=" " ind2=" ">
    <subfield code="0">0</subfield>
    <subfield code="1">0</subfield>
    <subfield code="2">local</subfield>
    <subfield code="4">0</subfield>
    <subfield code="5">5</subfield>
    <subfield code="7">0</subfield>
    <subfield code="8">TESIS</subfield>
    <subfield code="a">IA_</subfield>
    <subfield code="b">IA_</subfield>
    <subfield code="d">2022-01-18</subfield>
    <subfield code="e">El autor</subfield>
    <subfield code="l">1</subfield>
    <subfield code="o">Tesis O24 2011</subfield>
    <subfield code="p">1101010422</subfield>
    <subfield code="r">2024-10-11 14:57:59</subfield>
    <subfield code="s">2024-10-11</subfield>
    <subfield code="t">Ej. 2</subfield>
    <subfield code="w">2022-01-18</subfield>
    <subfield code="y">CD</subfield>
  </datafield>
  <datafield tag="952" ind1=" " ind2=" ">
    <subfield code="0">0</subfield>
    <subfield code="1">0</subfield>
    <subfield code="2">local</subfield>
    <subfield code="4">0</subfield>
    <subfield code="5">1</subfield>
    <subfield code="7">0</subfield>
    <subfield code="8">TESIS</subfield>
    <subfield code="a">IA_</subfield>
    <subfield code="b">IA_</subfield>
    <subfield code="d">2022-01-18</subfield>
    <subfield code="e">El autor</subfield>
    <subfield code="l">0</subfield>
    <subfield code="o">Tesis O24 2011</subfield>
    <subfield code="p">1101010420</subfield>
    <subfield code="r">2022-01-18 00:00:00</subfield>
    <subfield code="t">Ej. 1</subfield>
    <subfield code="w">2022-01-18</subfield>
    <subfield code="y">CD</subfield>
  </datafield>
  <datafield tag="952" ind1=" " ind2=" ">
    <subfield code="0">0</subfield>
    <subfield code="1">0</subfield>
    <subfield code="2">local</subfield>
    <subfield code="4">0</subfield>
    <subfield code="7">0</subfield>
    <subfield code="8">TesDigM</subfield>
    <subfield code="a">IA_</subfield>
    <subfield code="b">IA_</subfield>
    <subfield code="c">E_L</subfield>
    <subfield code="d">2024-10-07</subfield>
    <subfield code="e">El autor</subfield>
    <subfield code="l">0</subfield>
    <subfield code="p">1201010420</subfield>
    <subfield code="r">2024-10-07 14:37:53</subfield>
    <subfield code="w">2024-10-07</subfield>
    <subfield code="y">TD</subfield>
  </datafield>
</record>
